[Event "Tenerife-chT Primera 1718"]
[Site "Tenerife"]
[Date "2018.01.13"]
[Round "6.1"]
[White "Guerra Arrocha, Daniel"]
[Black "Nortes Hernandez, Pedro Manuel"]
[Result "1-0"]
[WhiteElo "2059"]
[BlackElo "2012"]
[PlyCount "43"]
[EventDate "2017.11.11"]
[EventType "team-tourn"]
[EventRounds "14"]
[EventCountry "ESP"]
[SourceTitle "CBM 187 Extra"]
[Source "ChessBase"]
[SourceDate "2018.11.04"]
[SourceVersion "1"]
[SourceVersionDate "2018.11.04"]
[SourceQuality "1"]
[WhiteTeam "El Sauzal Gofio Plus II"]
[BlackTeam "Circulo de Amistad XII Enero III"]
[WhiteTeamCountry "ESP"]
[BlackTeamCountry "ESP"]

1. e4 c5 2. Nf3 e6 3. c3 Nc6 4. d4 d5 5. e5 cxd4 6. cxd4 Bd7 7. Bd3 Nge7 8. Nc3 a6 9. 0-0 Ng6 10. Ng5 Be7 11. h4 Rc8 12. Qg4 Qb6 13. h5 Nf8 14. Nf3 g6 15. a3 Na5 16. Bg5 Qd8 17. Qf4 Nc4 18. Nd1 Ba4 19. Rb1 Bb3 20. Bxe7 Qxe7 21. Qh6 Rg8 22. Ng5 1-0

[Event "Tenerife-chT Segunda 1617"]
[Site "Tenerife"]
[Date "2017.02.04"]
[Round "6.2"]
[White "Nortes Hernandez, Pedro Manuel"]
[Black "Alvarez Alonso, Alberto"]
[Result "0-1"]
[WhiteElo "2021"]
[BlackElo "1828"]
[PlyCount "66"]
[EventDate "2016.12.10"]
[EventType "team-tourn"]
[EventRounds "15"]
[EventCountry "ESP"]
[SourceTitle "CBM 176 Extra"]
[Source "ChessBase"]
[SourceDate "2017.03.02"]
[SourceVersion "1"]
[SourceVersionDate "2017.03.02"]
[SourceQuality "1"]
[WhiteTeam "Circulo de Amistad"]
[BlackTeam "Al Shah Mat Los Realejos II"]
[WhiteTeamCountry "ESP"]
[BlackTeamCountry "ESP"]

1. e4 e6 2. d4 d5 3. Nc3 Nf6 4. Bg5 Bb4 5. e5 h6 6. Be3 Ne4 7. Qg4 Kf8 8. Nge2 h5 9. Qh3 c5 10. dxc5 Nc6 11. Rd1 Nxe5 12. a3 Bxc3+ 13. Nxc3 Nd3+ 14. Rxd3 e5 15. g4 Bxg4 16. Qg2 Nxc3 17. Rxc3 d4 18. Rd3 Qf6 19. Be2 dxe3 20. Rxe3 Bxe2 21. Qxb7 Rd8 22. Kxe2 g6 23. Qc7 Qa6+ 24. Ke1 Kg7 25. Qxe5+ f6 26. Qe6 Qb5 27. Qe7+ Kh6 28. Qxf6 Rhf8 29. Qe5 Rf5 30. Qe7 Rfd5 31. c4 Rd1+ 32. Ke2 Qxc4+ 33. Kf3 Qg4# 0-1

[Event "Santa Cruz de Tenerife Verano op"]
[Site "Santa Cruz de Tenerife"]
[Date "2014.09.10"]
[Round "9"]
[White "Pinto Henriquez, Rodrigo"]
[Black "Nortes Hernandez, Pedro Manuel"]
[Result "0-1"]
[WhiteElo "2130"]
[BlackElo "2005"]
[PlyCount "58"]
[EventDate "2014.08.25"]
[EventType "swiss"]
[EventRounds "9"]
[EventCountry "ESP"]
[SourceTitle "CBM 162 Extra"]
[Source "ChessBase"]
[SourceDate "2014.10.17"]
[SourceVersion "1"]
[SourceVersionDate "2014.10.17"]
[SourceQuality "1"]

1. e4 c5 2. Nf3 e6 3. d4 cxd4 4. Nxd4 a6 5. Nc3 Nc6 6. Be2 Qc7 7. f4 d6 8. Be3 Nf6 9. Nb3 Bd7 10. g4 h6 11. Bf3 Rc8 12. h4 b5 13. g5 hxg5 14. hxg5 Rxh1+ 15. Bxh1 Ng8 16. Qd2 Na5 17. Nxa5 Qxa5 18. a3 Ne7 19. Rd1 Nc6 20. Bc5 b4 21. axb4 Nxb4 22. Bxd6 Bxd6 23. Qxd6 Nxc2+ 24. Kd2 Rd8 25. Kc1 Ne3 26. Rd3 Nc4 27. Qd4 Qb4 28. Nd1 Qb5 29. Rh3 e5 0-1

[Event "Santa Cruz de Tenerife Verano op"]
[Site "Santa Cruz de Tenerife"]
[Date "2014.09.01"]
[Round "4"]
[White "Nortes Hernandez, Pedro Manuel"]
[Black "Mendivil Anton, Daniel"]
[Result "0-1"]
[WhiteElo "2005"]
[BlackElo "2296"]
[PlyCount "66"]
[EventDate "2014.08.25"]
[EventType "swiss"]
[EventRounds "9"]
[EventCountry "ESP"]
[SourceTitle "CBM 162 Extra"]
[Source "ChessBase"]
[SourceDate "2014.10.17"]
[SourceVersion "1"]
[SourceVersionDate "2014.10.17"]
[SourceQuality "1"]

1. e4 e6 2. d4 d5 3. Nc3 Bb4 4. e5 c5 5. a3 Bxc3+ 6. bxc3 Qc7 7. Nf3 b6 8. Bb5+ Bd7 9. Bd3 Ba4 10. 0-0 c4 11. Be2 Nc6 12. Ng5 h6 13. Nh3 0-0-0 14. f4 f5 15. Nf2 Nge7 16. g4 Rdf8 17. Nh1 Nd8 18. Ng3 g6 19. Be3 fxg4 20. Bxg4 h5 21. Bh3 Nf5 22. Nxf5 gxf5 23. Kh1 Nf7 24. Rg1 Nh6 25. Bf2 Ng4 26. Bxg4 fxg4 27. Be3 Qh7 28. Rg2 Qe4 29. Qd2 h4 30. Kg1 g3 31. hxg3 hxg3 32. Re1 Rh3 33. Ree2 Qf3 0-1

[Event "Tenerife-chT Preferente 1314"]
[Site "Tenerife"]
[Date "2014.02.08"]
[Round "6.2"]
[White "Abreu Suarez, Isauro"]
[Black "Nortes Hernandez, Pedro Manuel"]
[Result "1/2-1/2"]
[WhiteElo "1996"]
[BlackElo "2041"]
[PlyCount "33"]
[EventDate "2013.12.14"]
[EventType "team-tourn"]
[EventRounds "14"]
[EventCountry "ESP"]
[SourceTitle "EXT 2015"]
[Source "ChessBase"]
[SourceDate "2014.11.20"]
[SourceVersion "1"]
[SourceVersionDate "2014.11.20"]
[SourceQuality "1"]
[WhiteTeam "Canarias 64"]
[BlackTeam "Circulo de Amistad"]
[WhiteTeamCountry "ESP"]
[BlackTeamCountry "ESP"]

1. b4 Nf6 2. Bb2 d5 3. e3 Bf5 4. Nf3 e6 5. b5 Nbd7 6. Be2 Bd6 7. d4 c6 8. a4 0-0 9. 0-0 Qc7 10. c4 dxc4 11. Na3 Be4 12. h3 Nb6 13. Rc1 a6 14. Nxc4 Nxc4 15. Bxc4 axb5 16. axb5 Qb6 17. Nd2 1/2-1/2

[Event "Tenerife-chT Preferente 1314"]
[Site "Tenerife"]
[Date "2014.01.25"]
[Round "4.2"]
[White "Ramos Aguilar, Jose Manuel"]
[Black "Nortes Hernandez, Pedro Manuel"]
[Result "1-0"]
[WhiteElo "2155"]
[BlackElo "2041"]
[PlyCount "36"]
[EventDate "2013.12.14"]
[EventType "team-tourn"]
[EventRounds "14"]
[EventCountry "ESP"]
[SourceTitle "EXT 2015"]
[Source "ChessBase"]
[SourceDate "2014.11.20"]
[SourceVersion "1"]
[SourceVersionDate "2014.11.20"]
[SourceQuality "1"]
[WhiteTeam "Casa de Venezuela Ebano"]
[BlackTeam "Circulo de Amistad"]
[WhiteTeamCountry "ESP"]
[BlackTeamCountry "ESP"]

1. d4 Nf6 2. c4 g6 3. Nc3 Bg7 4. e4 d6 5. h3 0-0 6. Bg5 c5 7. d5 Na6 8. Bd3 Nc7 9. Nf3 a6 10. a4 Rb8 11. 0-0 Bd7 12. a5 b5 13. axb6 Rxb6 14. b3 Qb8 15. Bc2 h6 16. Bd2 e6 17. Nh4 Rb7 18. e5 dxe5 1-0

[Event "Las Palmas Montalvo Memorial 5th"]
[Site "Las Palmas"]
[Date "2012.04.06"]
[Round "6"]
[White "Gonzalez Diaz, Julio"]
[Black "Nortes Hernandez, Pedro Manuel"]
[Result "1-0"]
[WhiteElo "2232"]
[BlackElo "2048"]
[PlyCount "53"]
[EventDate "2012.04.02"]
[EventType "swiss"]
[EventRounds "9"]
[EventCountry "ESP"]
[SourceTitle "CBM 147 Extra"]
[Source "ChessBase"]
[SourceDate "2012.04.24"]
[SourceVersion "1"]
[SourceVersionDate "2012.04.24"]
[SourceQuality "1"]

1. c4 c5 2. Nf3 Nc6 3. g3 g6 4. d4 cxd4 5. Nxd4 Bg7 6. Nc2 Nf6 7. Bg2 0-0 8. Nc3 d6 9. 0-0 Bd7 10. b3 a6 11. Bb2 Qc7 12. Rc1 e6 13. Qd2 Rfd8 14. Rfd1 Be8 15. Ba3 Bf8 16. Qf4 Be7 17. c5 Nh5 18. cxd6 Nxf4 19. dxc7 Rxd1+ 20. Rxd1 Nxg2 21. Bxe7 Nxe7 22. Rd8 Rc8 23. Ne4 Kh8 24. Nd6 Rxc7 25. Rxe8+ Ng8 26. Nc4 b5 27. N4a3 1-0

[Event "Las Palmas Montalvo Memorial 5th"]
[Site "Las Palmas"]
[Date "2012.04.06"]
[Round "7"]
[White "Nortes Hernandez, Pedro Manuel"]
[Black "Salazar de la Cruz, Jose Maria"]
[Result "1-0"]
[WhiteElo "2048"]
[BlackElo "1769"]
[PlyCount "39"]
[EventDate "2012.04.02"]
[EventType "swiss"]
[EventRounds "9"]
[EventCountry "ESP"]
[SourceTitle "CBM 147 Extra"]
[Source "ChessBase"]
[SourceDate "2012.04.24"]
[SourceVersion "1"]
[SourceVersionDate "2012.04.24"]
[SourceQuality "1"]

1. e4 d6 2. d4 Nf6 3. Nc3 g6 4. Bc4 Bg7 5. Qe2 0-0 6. h3 Nbd7 7. e5 Ne8 8. e6 fxe6 9. Bxe6+ Kh8 10. Nf3 Ndf6 11. Ng5 Nd7 12. Be3 c6 13. h4 Qb6 14. 0-0-0 c5 15. h5 cxd4 16. hxg6 h6 17. Bxd4 Bxd4 18. Rxh6+ Kg7 19. Rh7+ Kxg6 20. Qh5+ 1-0

[Event "Las Palmas Montalvo Memorial 5th"]
[Site "Las Palmas"]
[Date "2012.04.05"]
[Round "4"]
[White "Recuero Guerra, David"]
[Black "Nortes Hernandez, Pedro Manuel"]
[Result "1-0"]
[WhiteElo "2467"]
[BlackElo "2048"]
[PlyCount "69"]
[EventDate "2012.04.02"]
[EventType "swiss"]
[EventRounds "9"]
[EventCountry "ESP"]
[SourceTitle "CBM 147 Extra"]
[Source "ChessBase"]
[SourceDate "2012.04.24"]
[SourceVersion "1"]
[SourceVersionDate "2012.04.24"]
[SourceQuality "1"]

1. c4 c5 2. g3 g6 3. Bg2 Bg7 4. Nf3 Nf6 5. 0-0 0-0 6. d4 d6 7. b3 cxd4 8. Nxd4 Nc6 9. Bb2 Bd7 10. Nc2 Rc8 11. Nc3 Ne5 12. Qd2 a6 13. Nd4 Nc6 14. Nxc6 bxc6 15. Rad1 Qc7 16. e4 Rfd8 17. h3 Be8 18. Qc1 e5 19. c5 d5 20. exd5 cxd5 21. Nxd5 Nxd5 22. Bxd5 Bd7 23. Bg2 a5 24. Qe3 Re8 25. Rc1 Bc6 26. Bxc6 Qxc6 27. Qc3 Qc7 28. Rfe1 Re6 29. a3 Bf6 30. Qc4 Qd7 31. Rcd1 Qb7 32. b4 axb4 33. axb4 Rb8 34. Bc3 Qc6 35. Rd5 1-0

[Event "Las Palmas Montalvo Memorial 5th"]
[Site "Las Palmas"]
[Date "2012.04.04"]
[Round "3"]
[White "Nortes Hernandez, Pedro Manuel"]
[Black "Quiza Vazquez, Carolina"]
[Result "1-0"]
[WhiteElo "2048"]
[BlackElo "1612"]
[PlyCount "113"]
[EventDate "2012.04.02"]
[EventType "swiss"]
[EventRounds "9"]
[EventCountry "ESP"]
[SourceTitle "CBM 147 Extra"]
[Source "ChessBase"]
[SourceDate "2012.04.24"]
[SourceVersion "1"]
[SourceVersionDate "2012.04.24"]
[SourceQuality "1"]

1. e4 c6 2. d4 d5 3. Nc3 dxe4 4. Nxe4 Bf5 5. Ng3 Bg6 6. h4 h6 7. Nf3 Nd7 8. h5 Bh7 9. Bd3 Bxd3 10. Qxd3 e6 11. Bf4 Qa5+ 12. Bd2 Bb4 13. c3 Be7 14. c4 Qc7 15. 0-0-0 Ngf6 16. Kb1 0-0-0 17. Bc3 Bd6 18. Ne4 Nxe4 19. Qxe4 Nf6 20. Qe2 c5 21. dxc5 Qxc5 22. Nd4 Rhe8 23. Nb5 Bb8 24. g4 a6 25. Nd4 Bc7 26. f3 Rd7 27. Nb3 Rxd1+ 28. Rxd1 Qe7 29. Nd4 Rd8 30. Kc2 Qd6 31. Rd2 Qf4 32. b4 Qe5 33. Qf2 Qf4 34. Qe2 Qe5 35. Qf2 Qf4 36. Kb3 Qg3 37. Qe2 Qe5 38. Qf1 Qg5 39. Qe2 Qf4 40. Rd1 Qh2 41. Kc2 Qe5 42. Qxe5 Bxe5 43. Ne2 Rxd1 44. Kxd1 Bxc3 45. Nxc3 Nd7 46. Ke2 Ne5 47. c5 Nc6 48. a3 Nd4+ 49. Kf2 Nc2 50. b5 Nxa3 51. bxa6 bxa6 52. Ne4 Nb5 53. Ke3 Kd7 54. g5 hxg5 55. Nxg5 f6 56. Ne4 Ke7 57. Kd3 1-0

[Event "Santa Cruz Jovenes Banca Civica 1st"]
[Site "Santa Cruz"]
[Date "2012.03.04"]
[Round "2"]
[White "Nortes Hernandez, Pedro Manuel"]
[Black "Korneev, Svyatoslav"]
[Result "0-1"]
[WhiteElo "2048"]
[BlackElo "1938"]
[PlyCount "62"]
[EventDate "2012.03.02"]
[EventType "tourn"]
[EventRounds "7"]
[EventCountry "ESP"]
[SourceTitle "EXT 2024"]
[Source "ChessBase"]
[SourceDate "2023.10.10"]
[SourceVersion "1"]
[SourceVersionDate "2023.10.10"]
[SourceQuality "1"]

1. e4 e6 2. d4 d5 3. Nc3 Bb4 4. e5 c5 5. a3 Bxc3+ 6. bxc3 Ne7 7. Nf3 Qa5 8. Bd2 Qa4 9. Bd3 c4 10. Be2 Nbc6 11. 0-0 Bd7 12. Nh4 0-0-0 13. f4 f6 14. exf6 gxf6 15. Ra2 Rdg8 16. Bg4 Rg7 17. Qe2 f5 18. Bh3 Ng8 19. Nf3 Nf6 20. g3 Rhg8 21. Ng5 h6 22. Nf3 Ne4 23. Bg2 Qa5 24. Qe3 Be8 25. Ne5 Nxe5 26. fxe5 Nxg3 27. hxg3 Rxg3 28. Qxh6 Rxg2+ 29. Kh1 R2g6 30. Qh2 Qc7 31. Raa1 Qg7 0-1

[Event "Santa Cruz Jovenes Banca Civica 1st"]
[Site "Santa Cruz"]
[Date "2012.03.02"]
[Round "1"]
[White "Perez Barreto, Adrian"]
[Black "Nortes Hernandez, Pedro Manuel"]
[Result "0-1"]
[WhiteElo "1956"]
[BlackElo "2048"]
[PlyCount "90"]
[EventDate "2012.03.02"]
[EventType "tourn"]
[EventRounds "7"]
[EventCountry "ESP"]
[SourceTitle "EXT 2024"]
[Source "ChessBase"]
[SourceDate "2023.10.10"]
[SourceVersion "1"]
[SourceVersionDate "2023.10.10"]
[SourceQuality "1"]

1. d4 Nf6 2. c4 c5 3. d5 d6 4. Nc3 g6 5. e4 Bg7 6. f4 0-0 7. Nf3 Bg4 8. Be2 Nbd7 9. 0-0 a6 10. a4 Nb6 11. Kh1 Qc7 12. Qe1 e6 13. e5 Nfd7 14. exd6 Qxd6 15. Ne4 Qc7 16. a5 Nc8 17. dxe6 Bxe6 18. Neg5 Bf5 19. Nh4 Nd6 20. Nxf5 Nxf5 21. Bd3 Rfe8 22. Qd1 Ne3 23. Bxe3 Rxe3 24. Qd2 Rae8 25. f5 Nf6 26. fxg6 hxg6 27. Rae1 Ng4 28. Nf3 Qd6 29. h3 Rxe1 30. Rxe1 Rxe1+ 31. Qxe1 Qxd3 32. Qe8+ Bf8 33. hxg4 Qxc4 34. Qd7 Qc1+ 35. Kh2 Qxb2 36. Kg3 Qb5 37. Qd5 c4 38. Qd4 Qc6 39. Qc3 Bg7 40. Qd2 c3 41. Qd8+ Bf8 42. Nd4 Qe4 43. Nb3 c2 44. Qd2 Bb4 45. Qd8+ Kg7 0-1

[Event "Gran Canaria CupT"]
[Site "Gran Canaria"]
[Date "2011.06.02"]
[Round "2.4"]
[White "Garcia Rodriguez, Antonio Manuel"]
[Black "Nortes Hernandez, Pedro Manuel"]
[Result "0-1"]
[WhiteElo "1995"]
[BlackElo "2036"]
[PlyCount "108"]
[EventDate "2011.06.02"]
[EventType "team-tourn"]
[EventRounds "7"]
[EventCountry "ESP"]
[SourceTitle "CBM 142 Extra"]
[Source "ChessBase"]
[SourceDate "2011.06.27"]
[SourceVersion "1"]
[SourceVersionDate "2011.06.27"]
[SourceQuality "1"]
[WhiteTeam "La Palma CajaCanarias"]
[BlackTeam "Tenerife CajaCanarias"]
[WhiteTeamCountry "ESP"]
[BlackTeamCountry "ESP"]

1. e4 c5 2. Nc3 e6 3. Nge2 Nc6 4. g3 Nf6 5. Bg2 Be7 6. 0-0 0-0 7. d3 a6 8. a4 d6 9. Be3 Qc7 10. Qd2 Rb8 11. d4 cxd4 12. Nxd4 Ne5 13. Nce2 Neg4 14. Bg5 h6 15. Bxf6 Nxf6 16. Qc3 Qxc3 17. Nxc3 Bd7 18. Rfd1 Rfc8 19. a5 Rc4 20. Bf1 Rc5 21. Nb3 Rc7 22. Rd2 Rbc8 23. Bg2 Ng4 24. Bf3 Ne5 25. Be2 Nc4 26. Bxc4 Rxc4 27. Rad1 Bc6 28. Nd4 Kf8 29. Nxc6 R8xc6 30. Kg2 R4c5 31. f3 Rxa5 32. e5 Rxe5 33. Ne4 Rb5 34. c3 d5 35. Nf2 f6 36. Nh3 Kf7 37. Re2 g5 38. f4 f5 39. fxg5 hxg5 40. Nf2 Bf6 41. Nd3 d4 42. Nb4 Rd6 43. Red2 e5 44. Na2 e4 45. cxd4 Rbd5 46. Rc2 Rd7 47. Nb4 Rxd4 48. Rxd4 Bxd4 49. Kf1 Bf6 50. b3 a5 51. Na2 Kg6 52. Ke2 Rd3 53. b4 a4 54. Nc1 Rc3 0-1

[Event "Las Palmas Montalvo Memorial 4th"]
[Site "Las Palmas"]
[Date "2011.04.22"]
[Round "6"]
[White "Nortes Hernandez, Pedro Manuel"]
[Black "Perez Rosales, Pedro"]
[Result "1-0"]
[WhiteElo "2034"]
[BlackElo "2148"]
[PlyCount "41"]
[EventDate "2011.04.18"]
[EventType "swiss"]
[EventRounds "9"]
[EventCountry "ESP"]
[SourceTitle "CBM 141 Extra"]
[Source "ChessBase"]
[SourceDate "2011.05.03"]
[SourceVersion "1"]
[SourceVersionDate "2011.05.03"]
[SourceQuality "1"]

1. e4 g6 2. d4 c6 3. Nc3 d5 4. e5 h5 5. Nf3 Bg4 6. h3 Bxf3 7. Qxf3 Qb6 8. e6 fxe6 9. Bd3 Nf6 10. Bxg6+ Kd7 11. 0-0 Qxd4 12. Be3 Qb4 13. a3 Qh4 14. Rad1 Bg7 15. Rfe1 Na6 16. Bf4 Ng4 17. Nxd5 cxd5 18. Rxd5+ Kc8 19. Rxe6 Rf8 20. Bf5 Rxf5 21. Rxf5 1-0

[Event "Las Palmas Montalvo Memorial 4th"]
[Site "Las Palmas"]
[Date "2011.04.21"]
[Round "5"]
[White "Natalicchio Escalante, Ricardo Nicolas"]
[Black "Nortes Hernandez, Pedro Manuel"]
[Result "1/2-1/2"]
[WhiteElo "2201"]
[BlackElo "2034"]
[PlyCount "63"]
[EventDate "2011.04.18"]
[EventType "swiss"]
[EventRounds "9"]
[EventCountry "ESP"]
[SourceTitle "CBM 141 Extra"]
[Source "ChessBase"]
[SourceDate "2011.05.03"]
[SourceVersion "1"]
[SourceVersionDate "2011.05.03"]
[SourceQuality "1"]

1. Nf3 Nf6 2. c4 c6 3. d4 d5 4. e3 e6 5. Nc3 Nbd7 6. Bd3 dxc4 7. Bxc4 b5 8. Bd3 a6 9. 0-0 Bb7 10. e4 c5 11. d5 c4 12. Bc2 Nc5 13. dxe6 Nxe6 14. Qe2 Qc7 15. Rd1 Rd8 16. Rxd8+ Qxd8 17. Bg5 Nxg5 18. Nxg5 Be7 19. e5 Nd5 20. Nxh7 Qd7 21. Nxd5 Qxd5 22. f3 Qd4+ 23. Kh1 Qf4 24. Rd1 g6 25. Nf6+ Kf8 26. Ng4 Bc8 27. h3 Qg3 28. Qf2 Qf4 29. Qe3 Qg3 30. Qf2 Qf4 31. Qe3 Qg3 32. Qf2 1/2-1/2

[Event "Tenerife op 21st"]
[Site "Tenerife"]
[Date "2010.12.29"]
[Round "9"]
[White "Nortes Hernandez, Pedro Manuel"]
[Black "Perez Barreto, Adrian"]
[Result "0-1"]
[WhiteElo "2020"]
[BlackElo "1718"]
[PlyCount "72"]
[EventDate "2010.12.16"]
[EventType "swiss"]
[EventRounds "9"]
[EventCountry "ESP"]
[SourceTitle "CBM 140 Extra"]
[Source "ChessBase"]
[SourceDate "2011.03.01"]
[SourceVersion "1"]
[SourceVersionDate "2011.03.01"]
[SourceQuality "1"]

1. g3 g6 2. Bg2 Bg7 3. e3 Nf6 4. Ne2 e5 5. d4 e4 6. c4 0-0 7. Nbc3 Re8 8. 0-0 Nc6 9. a3 d6 10. h3 Na5 11. b3 c6 12. Qc2 d5 13. Na4 b6 14. Bd2 Nb7 15. Nb2 Nd6 16. Rac1 Ba6 17. Bb4 Rc8 18. Bxd6 Qxd6 19. b4 g5 20. Qa4 Bxc4 21. Nxc4 dxc4 22. Qxa7 b5 23. Qc5 Qxc5 24. bxc5 Ra8 25. Ra1 Nd5 26. Rfc1 Ra4 27. Nc3 Nxc3 28. Rxc3 f5 29. f3 exf3 30. Bxf3 Rxe3 31. Rxe3 Bxd4 32. Bxc6 Bxe3+ 33. Kg2 Ra5 34. a4 c3 35. Bxb5 c2 36. c6 Ra7 0-1

[Event "Tenerife op 21st"]
[Site "Tenerife"]
[Date "2010.12.27"]
[Round "7"]
[White "Hernandez Leon, Sergio"]
[Black "Nortes Hernandez, Pedro Manuel"]
[Result "0-1"]
[WhiteElo "2133"]
[BlackElo "2020"]
[PlyCount "42"]
[EventDate "2010.12.16"]
[EventType "swiss"]
[EventRounds "9"]
[EventCountry "ESP"]
[SourceTitle "CBM 140 Extra"]
[Source "ChessBase"]
[SourceDate "2011.03.01"]
[SourceVersion "1"]
[SourceVersionDate "2011.03.01"]
[SourceQuality "1"]

1. d4 Nf6 2. c4 c5 3. d5 e6 4. Nc3 exd5 5. cxd5 d6 6. e4 g6 7. Nf3 Bg7 8. Nd2 0-0 9. Be2 Re8 10. 0-0 Na6 11. f4 Nc7 12. a4 Rb8 13. Bf3 a6 14. a5 b5 15. axb6 Nb5 16. Nc4 Nxc3 17. bxc3 Nxe4 18. Bxe4 Rxe4 19. Qb3 Bb7 20. Na5 c4 21. Qb4 Bxd5 0-1

[Event "ESP-ch"]
[Site "El Sauzal"]
[Date "2010.09.07"]
[Round "4"]
[White "Nortes Hernandez, Pedro Manuel"]
[Black "Ladron de Guevara Pinto, Paolo"]
[Result "0-1"]
[WhiteElo "2020"]
[BlackElo "2141"]
[PlyCount "38"]
[EventDate "2010.09.04"]
[EventType "swiss"]
[EventRounds "9"]
[EventCountry "ESP"]
[SourceTitle "CBM 138 Extra"]
[Source "ChessBase"]
[SourceDate "2010.10.29"]
[SourceVersion "1"]
[SourceVersionDate "2010.10.29"]
[SourceQuality "1"]

1. e4 e6 2. d4 d5 3. Nc3 Nf6 4. Bg5 Be7 5. e5 Nfd7 6. Bxe7 Qxe7 7. f4 a6 8. Nf3 c5 9. Qd2 Nc6 10. Ne2 cxd4 11. Nexd4 Nc5 12. Nxc6 bxc6 13. Bd3 Rb8 14. Qc3 0-0 15. Bxh7+ Kh8 16. Ng5 g6 17. Qh3 Kg7 18. Bg8 Rxg8 19. Qh4 Ne4 0-1

[Event "ESP-ch"]
[Site "El Sauzal"]
[Date "2010.09.06"]
[Round "3"]
[White "Perez Felipe, Marcos Adrian"]
[Black "Nortes Hernandez, Pedro Manuel"]
[Result "0-1"]
[WhiteElo "2305"]
[BlackElo "2020"]
[PlyCount "128"]
[EventDate "2010.09.04"]
[EventType "swiss"]
[EventRounds "9"]
[EventCountry "ESP"]
[SourceTitle "CBM 138 Extra"]
[Source "ChessBase"]
[SourceDate "2010.10.29"]
[SourceVersion "1"]
[SourceVersionDate "2010.10.29"]
[SourceQuality "1"]

1. d4 d5 2. c4 e6 3. Nc3 Nf6 4. cxd5 exd5 5. Bg5 Be7 6. e3 0-0 7. Qc2 c6 8. Bd3 h6 9. Bh4 Nbd7 10. Nge2 Re8 11. 0-0-0 b5 12. Rhg1 b4 13. Na4 Ne4 14. Bxe7 Qxe7 15. Ng3 Ndf6 16. Bxe4 dxe4 17. Kb1 Ba6 18. Nc5 Bb5 19. Nf5 Qd8 20. g4 Nd5 21. g5 Rb8 22. gxh6 g6 23. f3 b3 24. Nxb3 Nb4 25. Qc3 Qd5 26. Qc5 Bd3+ 27. Rxd3 Qxc5 28. Nxc5 Nxd3 29. Nxd3 exd3 30. e4 Kh7 31. Nd6 Re7 32. Rd1 f6 33. Nc4 Rd8 34. Na5 Re6 35. Nb3 g5 36. Rxd3 Kxh6 37. Kc2 Kg6 38. Kc3 Rh8 39. Rd2 Rh3 40. Rd3 Rxh2 41. d5 cxd5 42. exd5 Rd6 43. Nd2 Rh3 44. Nc4 Rd7 45. d6 Kf5 46. Rd5+ Kf4 47. Nd2 f5 48. Kd4 g4 49. fxg4 fxg4 50. Ne4 Rh6 51. b4 Rd8 52. d7 Re6 53. Nc5 Re7 54. Rd6 Kf3 55. Rg6 g3 56. Kd5 Rexd7+ 57. Nxd7 Rxd7+ 58. Kc5 g2 59. a4 Rd1 60. a5 g1Q+ 61. Rxg1 Rxg1 62. b5 Ke4 63. b6 Rg5+ 64. Kc6 Rxa5 0-1

[Event "ESP-ch"]
[Site "El Sauzal"]
[Date "2010.09.05"]
[Round "2"]
[White "Nortes Hernandez, Pedro Manuel"]
[Black "Ruiz Delgado, Basilio"]
[Result "1-0"]
[WhiteElo "2020"]
[BlackElo "1735"]
[PlyCount "95"]
[EventDate "2010.09.04"]
[EventType "swiss"]
[EventRounds "9"]
[EventCountry "ESP"]
[SourceTitle "CBM 138 Extra"]
[Source "ChessBase"]
[SourceDate "2010.10.29"]
[SourceVersion "1"]
[SourceVersionDate "2010.10.29"]
[SourceQuality "1"]

1. e4 c6 2. d4 d5 3. Nc3 dxe4 4. Nxe4 Nd7 5. Nf3 Ngf6 6. Bd3 e6 7. Bf4 Nb6 8. 0-0 Nxe4 9. Bxe4 Bd6 10. Bxd6 Qxd6 11. b3 Nd5 12. Qd2 Nf6 13. Bd3 0-0 14. c4 b6 15. Rad1 Bb7 16. Rfe1 c5 17. dxc5 Qxc5 18. Re5 Qc7 19. Rg5 g6 20. Rg3 Ne4 21. Bxe4 Bxe4 22. Re1 Bxf3 23. Rxf3 Rad8 24. Qh6 Rd6 25. Rh3 f6 26. Rhe3 Qd7 27. Qh3 e5 28. Qf3 Kg7 29. b4 Rc8 30. Rc3 Rdc6 31. Rd1 Qe6 32. Rcd3 Qxc4 33. Rd7+ Kg8 34. Qh3 h5 35. Rd8+ Rxd8 36. Rxd8+ Kg7 37. Qd7+ Kh6 38. g3 Qe6 39. Rh8+ Kg5 40. Qd2+ Kf5 41. Qd3+ e4 42. Qb5+ Kg4 43. Kg2 Qf5 44. h3+ Kg5 45. Qxc6 Qf3+ 46. Kg1 Qd1+ 47. Kh2 Qe2 48. Qd5+ 1-0

[Event "Santa Cruz de Tenerife Verano op"]
[Site "Santa Cruz de Tenerife"]
[Date "2010.06.26"]
[Round "4"]
[White "Korneev, Svyatoslav"]
[Black "Nortes Hernandez, Pedro Manuel"]
[Result "1/2-1/2"]
[WhiteElo "1713"]
[BlackElo "1943"]
[PlyCount "51"]
[EventDate "2010.06.23"]
[EventType "swiss"]
[EventRounds "9"]
[EventCountry "ESP"]
[SourceTitle "EXT 2011"]
[Source "ChessBase"]
[SourceDate "2010.11.26"]
[SourceVersion "1"]
[SourceVersionDate "2010.11.26"]
[SourceQuality "1"]

1. c4 e5 2. Nc3 Nf6 3. g3 d5 4. cxd5 Nxd5 5. Bg2 Nb6 6. Nf3 Nc6 7. d3 Be7 8. a3 0-0 9. b4 Be6 10. 0-0 f6 11. Be3 a5 12. b5 Nd4 13. Nd2 Nd5 14. Bxd4 exd4 15. Nxd5 Bxd5 16. Bxd5+ Qxd5 17. Qb3 Rfd8 18. Rfc1 Qxb3 19. Nxb3 a4 20. Nd2 Rd7 21. Nc4 b6 22. Rab1 Kf7 23. f4 Bc5 24. Kf2 Re8 25. h4 Rde7 26. Rc2 1/2-1/2

[Event "Santa Cruz de Tenerife Verano op"]
[Site "Santa Cruz de Tenerife"]
[Date "2010.06.25"]
[Round "3"]
[White "Nortes Hernandez, Pedro Manuel"]
[Black "Martin Hernandez, Jonas David"]
[Result "1/2-1/2"]
[WhiteElo "1943"]
[BlackElo "1902"]
[PlyCount "54"]
[EventDate "2010.06.23"]
[EventType "swiss"]
[EventRounds "9"]
[EventCountry "ESP"]
[SourceTitle "EXT 2011"]
[Source "ChessBase"]
[SourceDate "2010.11.26"]
[SourceVersion "1"]
[SourceVersionDate "2010.11.26"]
[SourceQuality "1"]

1. e4 c5 2. Nf3 Nc6 3. d4 cxd4 4. Nxd4 Nf6 5. Nc3 g6 6. Be3 Bg7 7. Be2 0-0 8. 0-0 d6 9. h3 d5 10. Nxc6 bxc6 11. e5 Nd7 12. f4 e6 13. Na4 Qa5 14. c3 Ba6 15. Bxa6 Qxa6 16. Nc5 Nxc5 17. Bxc5 Rfb8 18. b4 Bf8 19. Bxf8 Kxf8 20. Qd4 Qb6 21. Qxb6 axb6 22. a4 c5 23. b5 Ra5 24. Ra2 Raa8 25. Rfa1 Ke7 26. Kf2 f6 27. Ke3 fxe5 1/2-1/2